[Event "Trinec op"]
[Site "Trinec"]
[Date "1998.12.30"]
[Round "5"]
[White "Splosnov, Sergei"]
[Black "Hanko, Pavel"]
[Result "1-0"]
[WhiteElo "2350"]
[BlackElo "2245"]

1.Nf3 Nf6 2.c4 g6 3.g3 Bg7 4.Bg2 O-O 5.O-O d6 6.d4 Nc6 7.d5 Na5 8.Nfd2 c5
9.Nc3 a6 10.Rb1 Rb8 11.b3 b5 12.Bb2 bxc4 13.bxc4 Bh6 14.Ba1 Bd7 15.Rxb8 Qxb8
16.Ncb1 Bg7 17.Qc2 e6 18.Nc3 Qc7 19.Rb1 Rb8 20.Rxb8+ Qxb8 21.Ncb1 exd5 22.cxd5 Qe8
23.e4 Ba4 24.Qc1 Bb5 25.Bc3 Qd8 26.h3 Bd3 27.Qa3 Nc4 28.Nxc4 Bxc4 29.Nd2 Bb5
30.Qb2 Qf8 31.Bxf6  1-0

[Event "BEL-chT 9798"]
[Site "Antwerp"]
[Date "1998.??.??"]
[Round "7"]
[White "Tjiam, Dharma"]
[Black "Ahn, Martin"]
[Result "1-0"]
[WhiteElo "2305"]
[BlackElo "2310"]

1.Nf3 Nf6 2.c4 g6 3.g3 Bg7 4.Bg2 O-O 5.O-O d6 6.Nc3 e5 7.d3 Nc6 8.Rb1 a5
9.a3 h6 10.b4 axb4 11.axb4 Be6 12.b5 Ne7 13.Bd2 Qd7 14.Qc2 Bh3 15.c5 Bxg2
16.Kxg2 Nfd5 17.Nxd5 Nxd5 18.Rfc1 Kh7 19.e4 Nf6 20.Qb3 d5 21.c6 bxc6 22.Nxe5 Qe6
23.Nxc6 dxe4 24.Qxe6 fxe6 25.Bb4 Rfe8 26.dxe4 Nxe4 27.Ba5 Rf8 28.Rc2 Rf7
29.Re2 Rxa5 30.Rxe4 Ra2 31.Rf1 Rb2 32.Nd8 Rd7 33.Nxe6 Rxb5 34.Rc4 Rb2 35.Rxc7 Rxc7
36.Nxc7 Bd4 37.Ne6 Bb6 38.h4 Rd2 39.Kf3 Rb2 40.Nf4 g5 41.hxg5 hxg5 42.Nd3 Rd2
43.Ne5 Rc2 44.Ng4 Rc3+ 45.Kg2 Rc4 46.f3 Rc2+ 47.Kh3 Bd4 48.Rd1 Rc4 49.Re1 Rc3
50.Re4 Rd3 51.Re7+ Kg6 52.Rd7 Kf5 53.Nh6+ Ke6 54.Rd8 Rd2 55.Kg4 Bc3 56.Re8+ Kf6
57.Nf5 Rd3 58.Rh8 Bd2 59.Rc8 Rc3 60.Rxc3 Bxc3 61.Nd6 Be5 62.Nc4 Bc7 63.Ne3 Kg6
64.Kh3 Bb8 65.Kg2 Bc7 66.Kf2 Bb8 67.Nc4 Bc7 68.g4 Bf4 69.Ke2 Kf6 70.Kd3 Ke6
71.Ke4 Bc1 72.Na5 Bb2 73.Nb3 Ba3 74.Nd4+ Kf6 75.Kd5 Bb2 76.Ne2 Ba3 77.Nc3 Kg6
78.Ke6 Bb2 79.Nb5 Bc1 80.Nd4 Bf4 81.Nc6 Bc1 82.Ne5+ Kg7 83.Kf5 Bd2 84.Nc4 Bc1
85.Nd6 Be3 86.Ne4  1-0

[Event "AUT-chT2W 9798"]
[Site "Austria"]
[Date "1998.??.??"]
[Round "8"]
[White "Kraschl, Joerg"]
[Black "Maier, Peter"]
[Result "1-0"]
[WhiteElo "2325"]
[BlackElo "2180"]

1.c4 g6 2.g3 Bg7 3.Bg2 Nf6 4.Nf3 O-O 5.O-O c5 6.d4 d6 7.Nc3 cxd4 8.Nxd4 Nc6
9.Nc2 Bd7 10.b3 Ne4 11.Nxe4 Bxa1 12.Nxa1 Qc8 13.Nc2 Bh3 14.Ne3 Bxg2 15.Kxg2 Qe6
16.Ng5 Qd7 17.Nd5 f6 18.Ne4 Qe6 19.f3 Rac8 20.Bb2 Nd8 21.Qd4 b6 22.Qe3 Kg7
23.Nf2 Qd7 24.f4 Nc6 25.g4 e5 26.h3 Rce8 27.f5 g5 28.Ne4 h6 29.Rh1 Rc8 30.h4 Rh8
31.Ndxf6 Qd8 32.hxg5  1-0

[Event "Bad Wildungen op"]
[Site "Bad Wildungen"]
[Date "1998.??.??"]
[Round "6"]
[White "Fischer, R."]
[Black "Huss, Rolf"]
[Result "0-1"]
[WhiteElo "2105"]
[BlackElo "2215"]

1.c4 Nf6 2.Nf3 g6 3.g3 Bg7 4.Bg2 O-O 5.O-O d6 6.d4 c6 7.Nc3 Qa5 8.h3 Qa6
9.b3 b5 10.cxb5 cxb5 11.Re1 b4 12.Nb1 Bb7 13.Bb2 Ne4 14.a3 Qb6 15.axb4 Qxb4
16.Ra4 Qb6 17.Nbd2 Nxd2 18.Nxd2 Bxg2 19.Kxg2 d5 20.e3 Nc6 21.Ba3 a5 22.Bc5 Qb7
23.Qe2 Rfd8 24.f4 f6 25.Qd3 e5 26.Kh2 exd4 27.exd4 Re8 28.Raa1 f5 29.Kg2 Rab8
30.Kf2 Nb4 31.Bxb4 Qxb4 32.Ra4 Qb6 33.Rxe8+ Rxe8 34.Nf3 Re4 35.Kf1 Qc7 36.Qd2 Bf8
37.Qxa5 Qc1+ 38.Ne1 Qd1 39.Qc3 Qe2+ 40.Kg1 Qxe1+ 41.Qxe1 Rxe1+ 42.Kf2 Rb1
43.Ra5 Rxb3 44.Rxd5 Kf7 45.g4 Ke6 46.Re5+ Kf6 47.gxf5 gxf5 48.d5 Bc5+ 49.Kg2 Re3
50.Rxe3 Bxe3 51.Kg3 Ke7 52.Kh4 Bxf4 53.Kh5 Kf6 54.h4 Bd6  0-1

[Event "Bad Wildungen op"]
[Site "Bad Wildungen"]
[Date "1998.??.??"]
[Round "6"]
[White "Schild, Christoph"]
[Black "Petri, Klaus"]
[Result "1-0"]
[WhiteElo "2195"]
[BlackElo "2175"]

1.Nf3 Nf6 2.c4 g6 3.g3 Bg7 4.Bg2 O-O 5.O-O c5 6.d4 cxd4 7.Nxd4 Nc6 8.Nc3 Qb6
9.Nb3 d6 10.Bd2 Qb4 11.c5 dxc5 12.Ne4 Qb5 13.Nexc5 Rd8 14.a4 Qb6 15.a5 Qc7
16.Qc1 a6 17.h3 Bd7 18.Rd1 Be8 19.Na4 Rab8 20.Nb6 Nd7 21.Bf4 e5 22.Bg5 f6
23.Nd5 Qc8 24.Be3 Bf7 25.Rd3 Kh8 26.Rc3 Nf8 27.Nb6 Qf5 28.g4 Qe6 29.Nc5 Qe7
30.Nxb7 Nd4 31.Bxd4 exd4 32.Rc7 Rxb7 33.Rxb7 Qe8 34.Qc7 Ba2 35.Qxg7+  1-0

[Event "Hessen-ch"]
[Site "Bad Wildungen"]
[Date "1998.??.??"]
[Round "7"]
[White "Schmidt, Jan Peter"]
[Black "Zude, Erik"]
[Result "1/2-1/2"]
[WhiteElo "2310"]
[BlackElo "2360"]

1.Nf3 Nf6 2.c4 g6 3.g3 Bg7 4.Bg2 O-O 5.O-O d6 6.Nc3 Nc6 7.d4 Rb8 8.Re1 a6
9.Rb1 Na5 10.Qa4 b6 11.c5 d5 12.Ne5 Ne4 13.Nxe4 dxe4 14.Bf4 f6 15.Nc6 Qe8
16.Bxe4 Bd7 17.d5 e5 18.Bd2 f5 19.Bg2 e4 20.cxb6 cxb6 21.Rec1 Rc8 22.Bxa5 bxa5
23.f3 Rf6 24.fxe4 Bxc6 25.dxc6 Rfxc6 26.Rxc6 Rxc6 27.Qb3+ Kh8 28.exf5 Rf6
29.fxg6 Qxe2 30.gxh7 Kxh7 31.Rd1 Rf2 32.Be4+ Kh6 33.Qe6+ Bf6 34.Qh3+ Kg7
35.Qd7+ Kg8 36.Qc8+ Kf7 37.Rd7+ Be7 38.Bd5+ Kg6 39.Qg8+ Kh6 40.Qh8+ Kg6 41.Qe8+ Kh6
42.Qh8+ Kg6 43.Qg8+ Kh6 44.Qe6+ Qxe6 45.Bxe6 Bc5 46.Kh1 Rxb2 47.h4 Kg6 48.g4 Kf6
49.Bc4 Be3 50.g5+ Kf5 51.Re7 Bc5 52.Rc7 Bb6 53.Rc6 Kg4 54.Be6+ Kg3 55.Rc3+ Kxh4
56.g6 Rb1+ 57.Kh2 Rb2+  1/2-1/2

[Event "Bad Wildungen op"]
[Site "Bad Wildungen"]
[Date "1998.??.??"]
[Round "10"]
[White "Petri, Klaus"]
[Black "Fischer, R."]
[Result "1/2-1/2"]
[WhiteElo "2175"]
[BlackElo "2105"]

1.Nf3 Nf6 2.c4 g6 3.g3 Bg7 4.Bg2 O-O 5.O-O d6 6.Nc3 Nc6 7.Rb1 e5 8.d3 a5
9.a3 Re8 10.Nd2 Be6 11.b4 axb4 12.axb4 d5 13.cxd5 Nxd5 14.Nxd5 Bxd5 15.Ne4 h6
16.Be3 f5 17.Nc5 b6 18.Na4 Bxg2 19.Kxg2 Qd5+ 20.Kg1 Nd4 21.Nc3 Qf7 22.Re1 Kh7  1/2-1/2

[Event "Bad Zwesten op"]
[Site "Bad Zwesten"]
[Date "1998.??.??"]
[Round "1"]
[White "Thiel, Kuno"]
[Black "Koch, Thomas"]
[Result "1/2-1/2"]
[WhiteElo "2325"]
[BlackElo "2335"]

1.Nf3 Nf6 2.c4 g6 3.g3 Bg7 4.Bg2 O-O 5.O-O c5 6.d4 cxd4 7.Nxd4 Nc6 8.Nc3 Qb6
9.Nb3 d6 10.Bg5 Qa6 11.Nb5 Qb6 12.Rc1 a6 13.Nc3 Qa7 14.Nd5 Be6 15.Be3 Qb8
16.Nb6 Ng4 17.Nxa8 Nxe3 18.fxe3 Qxa8 19.Nd4 Bd7 20.Kh1 Qa7 21.c5 dxc5 22.Nxc6 bxc6
23.b3 a5 24.Qc2 c4 25.Qxc4 Qxe3 26.Qe4 Bh6 27.Rcd1 Qxe4 28.Bxe4 Bg4 29.Bf3 Bh3
30.Rfe1 c5 31.Rd5 Rc8 32.Red1 Be6 33.Rd8+ Rxd8 34.Rxd8+ Kg7 35.Bd5 Bf5 36.e4 Bh3
37.Bc4 Be3 38.Re8 Kf6 39.e5+ Kxe5 40.Rxe7+ Kd4 41.Rxf7 h6 42.Rf6 a4 43.Rxg6 a3
44.Rd6+ Ke5 45.Ra6 Bc1 46.Ra4 Bb2 47.Be2 Bc1 48.Bd3 Kd5 49.Rh4 Bd7 50.Kg2 Bg5
51.Re4 Bf5 52.Ra4 Bxd3 53.Rxa3 Kd4 54.Kf3 Bb1 55.Ra4+ Kd3 56.h4 Be7 57.Ra7 Bf6
58.Ra6 Bg7 59.g4 Kc3 60.Ra7 Bd4 61.g5 hxg5 62.hxg5 Kb2 63.a4 Kxb3 64.Rb7+ Ka2
65.Rc7 Bd3 66.a5 Kb3 67.g6 Bxg6 68.a6 c4 69.a7 Bxa7 70.Rxa7 c3 71.Ke3 Kb2
72.Rb7+ Kc1 73.Rc7 c2  1/2-1/2

[Event "Bad Zwesten op"]
[Site "Bad Zwesten"]
[Date "1998.??.??"]
[Round "5"]
[White "Thiel, Kuno"]
[Black "Sponer, Gunter"]
[Result "1-0"]
[WhiteElo "2325"]
[BlackElo "2165"]

1.Nf3 Nf6 2.c4 g6 3.g3 Bg7 4.Bg2 O-O 5.O-O d6 6.d4 Nc6 7.Nc3 a6 8.d5 Na5
9.Nd2 c5 10.Qc2 Rb8 11.b3 b5 12.Bb2 e6 13.dxe6 Bxe6 14.cxb5 axb5 15.Rad1 Qe7
16.Nde4 Rfd8 17.Nxf6+ Bxf6 18.Ne4 Bg7 19.Bxg7 Kxg7 20.Qc3+  1-0

[Event "Regionalliga NW9798"]
[Site "Bayern"]
[Date "1998.??.??"]
[Round "?"]
[White "Golda, Harald"]
[Black "Mueller, Thorsten"]
[Result "1-0"]
[WhiteElo "2230"]
[BlackElo "1955"]

1.c4 Nf6 2.Nf3 g6 3.g3 Bg7 4.Bg2 O-O 5.O-O d6 6.d4 c6 7.Nc3 Bg4 8.h3 Bxf3
9.Bxf3 Nbd7 10.b3 Re8 11.Qc2 Qc7 12.Bb2 Rab8 13.Rac1 a6 14.a4 e5 15.dxe5 dxe5
16.Ba3 Rbd8 17.e3 Bf8 18.Bxf8 Nxf8 19.b4 Ne6 20.a5 Nd7 21.Rfd1 f5 22.Qb3 e4
23.Be2 Kg7 24.Qb2 Qe5 25.Rc2 Qf6 26.Rcd2 Ne5 27.Rxd8 Rxd8 28.Rxd8 Nxd8 29.Qd2 Ndf7
30.b5 Ng5 31.Kg2 Qe6 32.Qd8 f4 33.Qxg5 f3+ 34.Bxf3 exf3+ 35.Kg1 Nxc4 36.Qf4 cxb5
37.Qxf3 Nxa5 38.e4 Nc6 39.Nd5 Qe5 40.Kh2 b4 41.Qd3 Qd4 42.Qe2 b3 43.Nf4 Qe5
44.Nd3 Qc3 45.e5 b2 46.Nxb2 Nd4 47.Qg4 Qxb2 48.Qd7+ Kh6 49.Qf7 Qb4 50.Qf4+ Kg7
51.Qf6+ Kg8 52.e6 Nxe6 53.Qxe6+ Kg7 54.Qd7+ Kh6 55.h4 b6 56.g4 Qf4+ 57.Kg2 Qe4+
58.Kg3 g5 59.hxg5+ Kxg5 60.Qg7+ Qg6 61.f4+  1-0

[Event "Regionalliga SO9798"]
[Site "Bayern"]
[Date "1998.??.??"]
[Round "?"]
[White "Fischer, Michael2"]
[Black "Peter, Christian"]
[Result "1-0"]
[WhiteElo "2035"]
[BlackElo "2055"]

1.Nf3 Nf6 2.g3 g6 3.Bg2 Bg7 4.c4 O-O 5.Nc3 d6 6.O-O e5 7.d3 Nc6 8.Rb1 a5
9.a3 Nd4 10.Bg5 h6 11.Bxf6 Qxf6 12.Nd2 Qd8 13.e3 Ne6 14.Qc2 c6 15.b4 axb4
16.axb4 Bd7 17.Nce4 Qc7 18.c5 d5 19.Nc3 Ra3 20.Ra1 Rfa8 21.Qb2 Rxa1 22.Rxa1 Rxa1+
23.Qxa1 f5 24.Qa8+ Kh7 25.Nb3 f4 26.e4 Nd4 27.Nxd4 exd4 28.Ne2 fxg3 29.hxg3 dxe4
30.Bxe4 Bf5 31.Bxf5 gxf5 32.Qe8 Qe5 33.Qh5 Bf6 34.Qf7+ Bg7 35.Nf4 h5 36.Nxh5 Kh8
37.Nf4 Qe1+ 38.Kg2 Qxb4 39.Ne6 Bh6 40.Qf6+ Kh7 41.Qxf5+ Kh8 42.Qh5 Qd2 43.Nf4  1-0

[Event "Oberliga Bayern9899"]
[Site "Bayern"]
[Date "1998.??.??"]
[Round "?"]
[White "Pohl Kuemmel, Jens Uwe"]
[Black "Bachmayer, Peter"]
[Result "0-1"]
[WhiteElo "2230"]
[BlackElo "2330"]

1.c4 Nf6 2.Nf3 g6 3.g3 Bg7 4.Bg2 O-O 5.O-O d6 6.d4 c5 7.b3 Nc6 8.Bb2 cxd4
9.Nxd4 Bd7 10.Nc3 Nxd4 11.Qxd4 Bc6 12.Qd2 Qa5 13.Rfd1 Qh5 14.Nd5 Bxd5 15.cxd5 Ng4
16.h3 Bxb2 17.Qxb2 Qe5 18.Rab1 Qxb2 19.Rxb2 Nf6 20.Rc2 Rfc8 21.Rdc1 Rxc2
22.Rxc2 Kf8 23.f4 Ke8 24.e4 Nd7 25.Kf2 Kd8 26.h4 a5 27.Bh3 Nc5 28.Ke3 Kc7
29.Kd4 Kb6 30.e5 Kb5 31.Rc4 f6 32.exf6 exf6 33.Bf1 Kb6 34.Rc3 Re8 35.Re3 Rxe3
36.Kxe3 Nd7 37.Kd4 f5 38.Be2 Nf6 39.Bf3 Kb5 40.a3 Nh5 41.Be2+ Kb6 42.g4 Nxf4
43.Bf3 fxg4 44.Bxg4 Ng2 45.h5 Nh4 46.hxg6 hxg6 47.Be6 Nf5+ 48.Kc4 Nh4 49.Bg4 Nf5
50.Bf3 g5 51.Be4 Nh4 52.Kd4 g4 53.Ke3 g3  0-1

[Event "Landesliga Sued 9899"]
[Site "Bayern"]
[Date "1998.??.??"]
[Round "?"]
[White "Schnelzer, Reinhold"]
[Black "Hock, Martin"]
[Result "1-0"]
[WhiteElo "2285"]
[BlackElo "2135"]

1.Nf3 Nf6 2.c4 g6 3.g3 Bg7 4.Bg2 O-O 5.O-O d6 6.d4 c6 7.Nc3 Nbd7 8.h3 e5
9.e4 Qb6 10.b3 exd4 11.Na4 Qc7 12.Nxd4 Re8 13.Re1 Rb8 14.Bf4 Nh5 15.Be3 b5
16.cxb5 c5 17.Rc1 Bb7 18.Nc6 Bxc6 19.bxc6 Ne5 20.g4 Nf6 21.f4 Nxc6 22.e5 dxe5
23.Rxc5 e4 24.Qc2 Rbc8 25.Rc1 Re6 26.f5 gxf5 27.gxf5 Rd6 28.Bf4 Nh5 29.Bh2 Bd4+
30.Kh1 Qd7 31.Qxe4 Bxc5 32.Qg4+ Ng7 33.Nxc5 Ne5 34.Bxe5 f6 35.Qc4+ Kh8 36.Nxd7 Rxc4
37.Rxc4 Rd1+ 38.Kh2 fxe5 39.Rc8+  1-0

[Event "Landesliga Sued9798"]
[Site "Bayern"]
[Date "1998.??.??"]
[Round "?"]
[White "Stoer, Andreas"]
[Black "Wilke, Martin"]
[Result "1/2-1/2"]
[WhiteElo "2195"]
[BlackElo "2140"]

1.Nf3 Nf6 2.c4 g6 3.g3 Bg7 4.Bg2 O-O 5.O-O d5 6.cxd5 Nxd5 7.d4 c6 8.e4 Nb6
9.h3 Be6 10.Na3 h6 11.Be3 Kh7 12.Qe2 Na6 13.Rfd1 Nc7 14.b3 f5 15.Ne5 fxe4
16.Bxe4 Bf5 17.Bxf5 gxf5 18.Nac4 Nbd5 19.Rac1 Nb5 20.Qd3 Nd6 21.Bd2 Ne4 22.Ne3 e6
23.Be1 Qd6 24.N3c4 Qe7 25.f3 Nd6 26.Bf2 Rad8 27.Re1 Nb5 28.a4 Nb4 29.Qd2 Nxd4
30.Bxd4 c5 31.Bxc5 Qxc5+ 32.Qe3 Qxe3+ 33.Rxe3 f4 34.gxf4 Rxf4 35.Kh2 a6 36.Kg3 Rf5
37.a5 h5 38.Re4 Nd5 39.h4 Rc8 40.Rce1 Nc3  1/2-1/2

[Event "Regionalliga SO9798"]
[Site "Bayern"]
[Date "1998.??.??"]
[Round "?"]
[White "Schwab, Andreas"]
[Black "Moser, Wolfgang"]
[Result "1/2-1/2"]
[WhiteElo "1995"]
[BlackElo "2085"]

1.c4 Nf6 2.Nf3 g6 3.g3 Bg7 4.Bg2 O-O 5.Nc3 c6 6.e4 d6 7.O-O e5 8.b3 Bg4 9.h3 Bxf3
10.Qxf3 Nbd7 11.Ba3 Nc5 12.b4 Ne6 13.Qd3 b6 14.Rab1 a6 15.Rfc1 Nd4 16.c5 dxc5
17.bxc5 b5 18.Ne2 Nxe2+ 19.Qxe2 Qc7 20.Rb3 Rad8 21.Bb2 a5 22.Rd3 Rxd3 23.Qxd3 Rd8
24.Qc3 Nh5 25.Kh2 Rd4 26.Qe3 Rd7 27.Bf3 Nf6 28.Rd1 Ne8 29.Bg4 Rd8 30.d4 exd4
31.Bxd4 Bxd4 32.Rxd4 Nf6 33.Bf3 Re8 34.Qf4 Qe5 35.Rd8 Qxc5 36.Qxf6 Qxf2+
37.Kh1 Qf1+  1/2-1/2

[Event "Regionalliga NW9798"]
[Site "Bayern"]
[Date "1998.??.??"]
[Round "?"]
[White "Jacob, Karl Heinz"]
[Black "Assmann, Norbert"]
[Result "0-1"]
[WhiteElo "1760"]
[BlackElo "2040"]

1.Nf3 Nf6 2.c4 g6 3.g3 Bg7 4.Bg2 O-O 5.O-O c5 6.e3 d5 7.cxd5 Nxd5 8.d4 cxd4
9.Nxd4 Nc6 10.Nxc6 bxc6 11.a3 Be6 12.e4 Nb6 13.Qc2 Nc4 14.Nd2 Ne5 15.Nf3 Qb6
16.Nxe5 Bxe5 17.Rb1 Ba2 18.Ra1 Bb3 19.Qe2 Ba4 20.Re1 Rfd8 21.Bg5 Qxb2 22.Qxb2 Bxb2
23.Bxe7 Bxa1 24.Bxd8 Bc3  0-1

[Event "Regionalliga NW9899"]
[Site "Bayern"]
[Date "1998.??.??"]
[Round "?"]
[White "Wichmann, Christian"]
[Black "Lorke, Christian"]
[Result "1/2-1/2"]
[WhiteElo "1950"]
[BlackElo "1780"]

1.Nf3 Nf6 2.c4 g6 3.g3 Bg7 4.Bg2 O-O 5.O-O d6 6.Nc3 Nbd7 7.Rb1 Rb8 8.b4 b6
9.Nd4 Bb7 10.Bxb7 Rxb7 11.Nc6 Qe8 12.Qa4 Nb8 13.b5 Nxc6 14.bxc6 Rb8 15.d4 a5
16.e4 Ng4 17.h3 Nh6 18.Nd5 Qd8 19.e5 Nf5 20.Rd1 e6 21.Ne3 Nxe3 22.Bxe3 d5
23.c5 bxc5 24.Qxa5 cxd4 25.Bxd4 Ra8 26.Qd2 Ra7 27.Rdc1 Qa8 28.Rb7 Rxa2 29.Rc2 Rxc2
30.Qxc2 Rc8 31.Ra7 Qb8 32.Rb7 Qa8  1/2-1/2

[Event "Berliner Sommer 16th"]
[Site "Berlin"]
[Date "1998.??.??"]
[Round "1"]
[White "Heyme, Sibylle"]
[Black "Timoshenko, Georgy"]
[Result "0-1"]
[WhiteElo "2090"]
[BlackElo "2595"]

1.Nf3 Nf6 2.c4 g6 3.g3 Bg7 4.Bg2 O-O 5.Nc3 d5 6.cxd5 Nxd5 7.O-O c5 8.Qb3 Nc7
9.d3 Nc6 10.Be3 b6 11.Rac1 e5 12.Nd2 Bd7 13.a3 Ne6 14.Qd1 a5 15.Nc4 Rb8 16.a4 h6
17.Bd2 Kh7 18.Nd5 Nb4 19.Nxb4 axb4 20.b3 f5 21.Ra1 f4 22.Ra2 Nd4 23.Bc1 Bg4
24.f3 Be6 25.e3 fxe3 26.Bxe3 Qd7 27.Rd2 Rfd8 28.f4 Bg4 29.Qb1 Ne2+ 30.Kh1 exf4
31.Bxf4 Nxf4 32.Rxf4 Bf5 33.Be4 Bxe4+ 34.dxe4 Qc6 35.Qe1 Rxd2 36.Nxd2 Re8
37.Qe2 Re7 38.Nf3 g5 39.Rg4 c4 40.bxc4 b3 41.e5 b2 42.Qc2+ Kh8 43.Re4 g4
44.Nd4 Qxc4  0-1

[Event "Berliner Sommer 16th"]
[Site "Berlin"]
[Date "1998.??.??"]
[Round "6"]
[White "Espig, Lutz"]
[Black "Smikovski, I."]
[Result "1-0"]
[WhiteElo "2440"]
[BlackElo "2485"]

1.Nf3 Nf6 2.c4 g6 3.g3 Bg7 4.Bg2 O-O 5.O-O d5 6.cxd5 Nxd5 7.Nc3 Nc6 8.d4 Nb6
9.e3 Re8 10.Re1 e5 11.d5 Na5 12.e4 c6 13.dxc6 Nxc6 14.Nd5 Be6 15.Ng5 Bxd5
16.exd5 Nd4 17.Nf3 Nf5 18.g4 Nd6 19.Bg5 Qd7 20.Nd2 Rac8 21.a4 f5 22.gxf5 gxf5
23.a5 Nbc4 24.Nxc4 Rxc4 25.Be3 Rg4 26.Kh1 e4 27.f3 Rg6 28.Bxa7 Bxb2 29.Ra2 Be5
30.fxe4 fxe4 31.Qh5 Kh8 32.Bh3 Qf7 33.Qd1 Rh6 34.Rf2 Qe7 35.Be6 Nb5 36.Be3 Qh4
37.Ref1 Rf6 38.Qg4 Qxg4 39.Bxg4 Rd6 40.Rf8+ Rxf8 41.Rxf8+ Kg7 42.Rb8 Rxd5
43.Rxb7+ Kg6 44.Rb6+ Nd6 45.a6 Ra5 46.Rc6 Ra1+ 47.Kg2 Ra2+ 48.Kf1 Ra1+ 49.Ke2 Bxh2
50.a7 Kf7 51.Rc7+  1-0

[Event "Besancon op"]
[Site "Besancon"]
[Date "1998.??.??"]
[Round "?"]
[White "Kirov, Nino"]
[Black "Todorov, Ognjan"]
[Result "1-0"]
[WhiteElo "2385"]
[BlackElo "2345"]

1.c4 Nf6 2.Nf3 g6 3.g3 Bg7 4.Bg2 O-O 5.O-O d6 6.d4 Nbd7 7.Nc3 e5 8.e4 c6
9.h3 Qb6 10.c5 dxc5 11.dxe5 Ne8 12.Na4 Qb4 13.Bd2 Qxe4 14.Re1 Qd3 15.Bf1 Qd5
16.Nc3 Qe6 17.Ng5 Qe7 18.e6 fxe6 19.Nxe6 Nb6 20.Nxf8 Qxf8 21.Bf4 Bd4 22.Be3 Bxe3
23.Rxe3 Ng7 24.Qb3+ Qf7 25.Qxf7+ Kxf7 26.Ne4 Ne6 27.Nd6+ Kf6 28.Rae1 Nd5
29.Rf3+ Ke7 30.Nxc8+ Rxc8 31.h4  1-0

[Event "Besancon op"]
[Site "Besancon"]
[Date "1998.??.??"]
[Round "?"]
[White "Kirov, Nino"]
[Black "Berend, Elvira S"]
[Result "1/2-1/2"]
[WhiteElo "2385"]
[BlackElo "2345"]

1.Nf3 Nf6 2.g3 g6 3.c4 Bg7 4.Bg2 O-O 5.O-O d6 6.d4 Nc6 7.Nc3 a6 8.d5 Na5
9.Nd2 c5 10.Rb1 Rb8 11.b3 e6 12.Bb2 b5 13.dxe6 Bxe6 14.cxb5 axb5 15.Nde4 Nxe4
16.Nxe4 Nb7 17.Bxg7 Kxg7 18.Qd2 Qe7 19.Rfd1 Rfd8 20.Nc3 b4 21.Nd5 Bxd5 22.Bxd5 Re8
23.e3 Nd8 24.Rbc1 Rb6 25.Rc4 Ne6 26.h4 Nc7 27.Re4 Qd8 28.Rf4 Nxd5 29.Qxd5 Qe7
30.h5 Qe6 31.h6+ Kg8 32.Qf3 f5 33.Rc4 Rf8 34.Rc2 Qe4 35.Qe2 Qe6 36.Rcd2 Rf6
37.Rd5 f4 38.e4 fxg3 39.fxg3 Qh3 40.Qe3 Rf8 41.e5 dxe5 42.Rd8 Rf6 43.Rxf8+ Rxf8
44.Qxe5 Qxh6 45.Qd5+ Rf7 46.Qxc5 Qf8 47.Qc4 Kg7 48.Qd4+ Kg8 49.Re1 h6 50.Re2 Kh7
51.Kh2 h5 52.Rc2 Qe7  1/2-1/2

[Event "Biel op"]
[Site "Biel"]
[Date "1998.??.??"]
[Round "8"]
[White "Adianto, Utut"]
[Black "Pavlovic, Milos"]
[Result "1/2-1/2"]
[WhiteElo "2615"]
[BlackElo "2535"]

1.Nf3 Nf6 2.c4 g6 3.g3 Bg7 4.Bg2 O-O 5.O-O d6 6.Nc3 e5 7.d3 Nc6 8.Rb1 a5
9.a3 Nd4 10.Bg5 Ne6 11.Bxf6 Bxf6 12.b4 axb4 13.axb4 Bg7 14.b5 Bd7 15.Ra1 c6
16.Rxa8 Qxa8 17.Qb3 Qa5 18.Rb1 Nc5 19.Qc2 f5 20.bxc6 bxc6 21.Qd2 Ra8 22.d4 e4
23.Ng5 Ne6 24.Nxe6 Bxe6 25.Rc1 Bf7 26.e3 c5 27.dxc5 dxc5 28.Bf1 Qb4 29.Kg2 Bf6
30.Rc2 Kg7 31.Nd5 Qxd2 32.Rxd2 Ra1 33.Be2 Rc1 34.h4 Be5 35.Nb6 Bc3 36.Rd7 Rc2
37.Kf1 Rc1+ 38.Kg2 Rc2 39.Kf1  1/2-1/2

[Event "Bled op-B"]
[Site "Bled"]
[Date "1998.??.??"]
[Round "3"]
[White "Fucak, Emilijo"]
[Black "Kastelic, Marjan"]
[Result "0-1"]
[WhiteElo "2265"]
[BlackElo "2250"]

1.Nf3 Nf6 2.c4 g6 3.g3 Bg7 4.Bg2 O-O 5.Nc3 d6 6.O-O e5 7.d3 h6 8.Bd2 Nc6
9.Nd5 Nxd5 10.cxd5 Ne7 11.Qb3 f5 12.Rac1 Rf7 13.Ne1 g5 14.f4 exf4 15.gxf4 Ng6
16.e3 a5 17.a4 b6 18.Nc2 Ba6 19.Rf2 gxf4 20.exf4 Qf6 21.Bc3 Qh4 22.Bxg7 Rxg7
23.Rcf1 Qf6 24.Re1 Kh7 25.Re6 Qh4 26.Rxg6 Rxg6 27.Qc3 Rag8 28.Ne3 Qh3 29.Qd4 Re8
30.Re2 Rxe3  0-1

[Event "Cupa Dinamo"]
[Site "Brasov"]
[Date "1998.??.??"]
[Round "5"]
[White "Vajda, Albert"]
[Black "Sofronie, Iulian"]
[Result "1/2-1/2"]
[WhiteElo "2400"]
[BlackElo "2405"]

1.Nf3 Nf6 2.c4 g6 3.g3 Bg7 4.Bg2 O-O 5.O-O d6 6.Nc3 e5 7.d3 Nc6 8.Rb1 a5
9.a3 h6 10.b4 axb4 11.axb4 Be6 12.b5 Ne7 13.Bb2 Nd7 14.Qc2 f5 15.Ra1 Rxa1
16.Rxa1 g5 17.Nd2 Nc5 18.Na4 Nxa4 19.Rxa4 b6 20.Ra7 Qd7 21.Qa4 g4 22.Qa6 Nc8
23.Ra8 Ne7 24.Rxf8+ Kxf8 25.Qa1 Bf7 26.Nf1 Kg8 27.Ne3 h5 28.Qa8+ Kh7 29.Nd5 Nxd5
30.Bxd5 Bxd5 31.Qxd5 Kg6 32.Bc1 Qf7 33.Qc6 h4 34.gxh4 Bf6 35.Qg2 Bxh4 36.h3 Bg5
37.Bxg5 Kxg5 38.hxg4 fxg4 39.Qa8 Qh7 40.Qd8+ Kf5 41.Qf8+ Kg5 42.Qa8 Kf6 43.Qf8+ Kg5  1/2-1/2

[Event "Wch-09 blind "]
[Site "Brno"]
[Date "1998.??.??"]
[Round "4"]
[White "Smirnov, Sergei"]
[Black "Krylov, Sergey"]
[Result "1-0"]
[WhiteElo "2205"]
[BlackElo "2320"]

1.Nf3 Nf6 2.g3 g6 3.Bg2 Bg7 4.c4 O-O 5.d4 d6 6.Nc3 Nbd7 7.O-O e5 8.h3 Re8
9.e4 exd4 10.Nxd4 a6 11.Be3 Rb8 12.a4 h6 13.Qc2 Ne5 14.b3 Bd7 15.Rad1 Qc8
16.Kh2 h5 17.Nd5 c5 18.Nxf6+ Bxf6 19.Ne2 Qc7 20.Nc3 Be6 21.f4 Nd7 22.Nd5 Bxd5
23.Rxd5 Rbd8 24.Rfd1 Nb6 25.R5d2 Nc8 26.Rd3 Na7 27.Qd2 Be7 28.b4 Nc6 29.bxc5 dxc5
30.e5 Rxd3 31.Qxd3 Rd8 32.Bd5 Kg7 33.Qe4 Qa5 34.f5 f6 35.exf6+ Bxf6 36.fxg6 Qxa4
37.Rf1 Nd4 38.Rxf6 Kxf6 39.Qf4+ Nf5 40.Qg5+ Kg7 41.Qxf5 Qe8 42.Qg5 Rxd5 43.Qh6+ Kf6
44.g7+ Kf7 45.cxd5 Qb5 46.Qxh5+ Kxg7 47.Bh6+ Kf6 48.Qg5+ Kf7 49.Qf5+ Ke8
50.Qc8+ Ke7 51.Bg5+  1-0

[Event "Wch-09 blind "]
[Site "Brno"]
[Date "1998.??.??"]
[Round "8"]
[White "Smirnov, Sergei"]
[Black "Dukaczewski, Piotr"]
[Result "1-0"]
[WhiteElo "2205"]
[BlackElo "2195"]

1.Nf3 Nf6 2.c4 g6 3.g3 Bg7 4.Bg2 O-O 5.d4 d6 6.Nc3 Nc6 7.O-O a6 8.h3 Bd7
9.e4 e5 10.d5 Nd4 11.Nxd4 exd4 12.Ne2 b5 13.Nxd4 bxc4 14.Be3 Qc8 15.Kh2 Re8
16.Qc2 Re5 17.Nc6 Bxc6 18.dxc6 Rh5 19.f3 d5 20.Rad1 Rb8 21.Bd4 dxe4 22.Qxc4 e3
23.Rfe1 Ne8 24.Bxg7 Nxg7 25.Rd7 Ne6 26.b4 a5 27.a3 axb4 28.axb4 Qf8 29.Rxe3 Rxb4
30.Qd3 Rb8 31.Qe2 Re8 32.f4 Ra5 33.Bd5 Ra3 34.Rxe6 fxe6 35.Bxe6+ Rxe6 36.Qxe6+ Kh8
37.Rf7  1-0

[Event "Bucharest Fest GM"]
[Site "Bucharest"]
[Date "1998.??.??"]
[Round "?"]
[White "Ionescu, Constantin"]
[Black "Iordachescu, Viorel"]
[Result "0-1"]
[WhiteElo "2515"]
[BlackElo "2515"]

1.Nf3 Nf6 2.c4 g6 3.g3 Bg7 4.Bg2 O-O 5.O-O d6 6.Nc3 a6 7.d4 Nc6 8.d5 Na5
9.Nd2 c5 10.Qc2 Rb8 11.b3 b5 12.Bb2 e5 13.dxe6 fxe6 14.cxb5 axb5 15.Nce4 Nxe4
16.Nxe4 Bxb2 17.Qxb2 Bb7 18.Rfd1 Bxe4 19.Bxe4 d5 20.Rac1 c4 21.Bg2 Nc6 22.e3 Nb4
23.Bf1 Qf6 24.Qxf6 Rxf6 25.a3 Na6 26.bxc4 bxc4 27.e4 Nc7 28.Bg2 Rb5 29.Rc2 Rc5
30.Rcd2 Kg7 31.f4 Rf8 32.Kf2 Rb8 33.Ke3 Kf6 34.Kd4 Ra5 35.a4 Rxa4 36.exd5 exd5
37.Bxd5 Nxd5 38.Kxd5 c3  0-1

[Event "Bucharest Cup IM"]
[Site "Bucharest"]
[Date "1998.??.??"]
[Round "?"]
[White "Istrate, Bogdan"]
[Black "Jevtic, Miodrag"]
[Result "1/2-1/2"]
[WhiteElo "2350"]
[BlackElo "2350"]

1.Nf3 Nf6 2.c4 g6 3.g3 Bg7 4.Bg2 O-O 5.O-O d6 6.d4 Nc6 7.d5 Na5 8.Qa4 c5
9.Bd2 b6 10.Bc3 Bd7 11.Qc2 Bf5 12.Qc1 Qd7 13.Re1 Rad8 14.Nbd2 Bh3 15.Bh1 Bh6
16.Qc2 e5 17.dxe6 fxe6 18.Rad1 Qe7 19.a3 e5 20.b4 Nc6 21.e3 Rd7 22.b5 Nd8
23.Nh4 Bg5 24.Nhf3 Bh6 25.Nh4 Bg4 26.f3 Be6 27.f4 Bg4 28.Bf3 Bxf3 29.Nhxf3 Nf7
30.Ne4 Nxe4 31.Qxe4 Re8 32.Qd5 Rdd8 33.h4 Bg7 34.Ng5 h6 35.Ne4 Qe6 36.Qxe6 Rxe6
37.Nd2 Rde8 38.Nf3 exf4 39.Bxg7 Kxg7 40.exf4 Re4 41.Kf2 Kf8 42.Nd2 Rd4 43.Rxe8+ Kxe8
44.Re1+ Kf8 45.Ke2 h5 46.Rc1 Nh6 47.Nf3 Re4+ 48.Kd3 Re8 49.Ng5 Nf5 50.Ne4 Rd8
51.Nc3 Kf7 52.Rg1 Re8 53.Nd5 Re6 54.a4 Re8 55.a5 bxa5 56.Ra1 Rd8 57.Rg1 a4
58.Ne3 Nxe3 59.Kxe3 d5 60.Kd3 d4 61.Ra1 Re8 62.Rxa4 Re3+ 63.Kd2 Rc3 64.Rxa7+ Ke6
65.Ra6+ Kf5 66.Rc6 Rxc4 67.b6 Ke4  1/2-1/2

[Event "Bucharest Cup IM"]
[Site "Bucharest"]
[Date "1998.??.??"]
[Round "?"]
[White "Dinu, George Daniel"]
[Black "Ionescu, Doru Alexandru"]
[Result "1-0"]
[WhiteElo "2225"]
[BlackElo "2250"]

1.Nf3 g6 2.g3 Bg7 3.Bg2 Nf6 4.c4 O-O 5.O-O d6 6.d3 e5 7.Nc3 Nc6 8.Rb1 a5
9.Bd2 h6 10.a3 Be6 11.e4 Qd7 12.Ne1 Nd4 13.b4 axb4 14.axb4 Nh5 15.Nc2 c6
16.Nxd4 exd4 17.Na4 Qe7 18.c5 f5 19.cxd6 Qxd6 20.Nc5 f4 21.Nxb7 Qe5 22.Na5 Qf6
23.Nxc6 f3 24.Bh1 Bh3 25.b5 Ra2 26.e5 Qf7 27.Re1 Kh7 28.b6 Qd7 29.b7 Qxc6
30.b8=Q Rxb8 31.Rxb8 Qc7 32.Qb3 Qxb8 33.Qxb8 Rxd2 34.Bxf3 Rxd3 35.Bxh5 gxh5
36.e6 Bf6 37.e7  1-0

[Event "Ciocaltea mem"]
[Site "Bucharest"]
[Date "1998.??.??"]
[Round "6"]
[White "Marin, Mihail"]
[Black "Aronian, Levon"]
[Result "1/2-1/2"]
[WhiteElo "2545"]
[BlackElo "2455"]

1.Nf3 Nf6 2.c4 g6 3.g3 Bg7 4.Bg2 O-O 5.O-O d5 6.d4 dxc4 7.Na3 Ne8 8.Nxc4 Nd6
9.Nce5 Nd7 10.Nd3 c6 11.Qc2 a5 12.a4 Qb6 13.e3 Nf6 14.b3 Nd5 15.Ba3 Bf5 16.Nd2 Nb4
17.Bxb4 Bxd3 18.Qxd3 Qxb4 19.Rac1 Rfd8 20.Qc3 Qxc3 21.Rxc3 e6 22.Rfc1 Ra6
23.Kf1 Rb6 24.Ke2  1/2-1/2